000 00659nam a22002297a 4500
003 UA-OsUOA
001 93235
007 ta
008 20130116b un ||||| |||| 00| 0 ukr d
100 _aГедда Н.
090 _a821.113.6
_bГ28
942 _cBK
040 _aUA-OsUOA
_brus
_cUA-OsUOA
_dUA-OsUOA
245 _aДар не дается безплатно
_bлитературная запись Айно Селлермарк
300 _a250 с.
955 _a3
041 _arus
080 _a821.113.6
260 _aМ.
_bРадуга
_c1983
650 7 _a82 Література. Літературознавство
_2UDC
999 _c379452
_d379452